|
|
|
|
| LEADER |
00000cam a2200000 7i4500 |
| 001 |
0000074208 |
| 005 |
20170717.0 |
| 008 |
170707 |
| 020 |
|
|
|a 9677402579(set)
|
| 020 |
|
|
|a 9677402668
|
| 090 |
0 |
0 |
|a JF
|b MAL
|
| 100 |
0 |
|
|a Halim Ibrahim
|
| 245 |
1 |
0 |
|a Lebah mencari madu
|c Halim Ibrahim
|
| 260 |
|
|
|a Subang Jaya :
|b Pustaka Penamas ,
|c 2003
|
| 490 |
1 |
|
|a Siri bacaan motivasi bergred
|
| 500 |
|
|
|a Children ages 7-9 years old (orange)
|
| 650 |
|
0 |
|a Children's story, Malay
|
| 999 |
|
|
|a 0000005234
|b Book
|c Children Collection
|e Cawangan Taman Universiti
|
| 999 |
|
|
|a 0000005235
|b Book
|c Children Collection
|e Cawangan Taman Universiti
|
| 999 |
|
|
|a 0000005236
|b Book
|c Children Collection
|e Cawangan Taman Universiti
|
| 999 |
|
|
|a 0000014016
|b Book
|c Children Collection
|e Cawangan Taman Universiti
|
| 999 |
|
|
|a 0000014017
|b Book
|c Children Collection
|e Cawangan Taman Universiti
|
| 999 |
|
|
|a 0000014018
|b Book
|c Children Collection
|e Cawangan Taman Universiti
|
| 999 |
|
|
|a 0000014019
|b Book
|c Children Collection
|e Cawangan Taman Universiti
|
| 999 |
|
|
|a 0000014020
|b Book
|c Children Collection
|e Cawangan Taman Universiti
|
| 999 |
|
|
|a 000005237
|b Book
|c Children Collection
|e Cawangan Taman Universiti
|